| 000 | 00930cam a22002655i 4500 | ||
|---|---|---|---|
| 999 |
_c12714 _d12714 |
||
| 003 | EG-ScBUE | ||
| 005 | 20200123111713.0 | ||
| 008 | 200123s2004 ua g 000 j ara d | ||
| 017 | _a2004 / 16144 | ||
| 040 |
_aEG-ScBUE _bara _erda _cEG-ScBUE _dEG-ScBUE |
||
| 082 | 0 | 4 |
_a892.736 _bف ي ا _222 |
| 100 | 1 |
_aفياض، توفيق، _eمؤلف. |
|
| 245 | 1 | 2 |
_aالشارع الأصفر : _bقصص / _cتوفيق فياض. |
| 250 | _aالطبعة الرابعة. | ||
| 264 | 1 |
_aالقاهرة : _bالهيئة العامة لقصور الثقافة، _c2004. |
|
| 300 |
_a175 صفحة ؛ _c22 سم. |
||
| 336 |
_aنص _btxt _2rdacontent |
||
| 337 |
_aبدون وسيط _bn _2rdamedia |
||
| 338 |
_aمجلد _bnc _2rdacarrier |
||
| 490 | 0 |
_aآفاق عربية ؛ _v81 |
|
| 650 | 7 |
_aالقصص العربية القصيرة _zفلسطين. _2BUEsh _98717 |
|
| 651 | _2BUEsh | ||
| 653 |
_bARALIT _bGGEN _cAugust2015 |
||
| 942 |
_2ddc _cBB |
||